Обследование Томской энергосистемы по созданию АСУ; Т. 1. Основные положения и методика проведения обследования по созданию АСУ энергосистемы: Отчет о НИР; Тема: № 3-56/73

Podrobná bibliografie
Korporativní autor: Томский политехнический институт (ТПИ) (595)
Další autoři: Терещенко А.А. (руководитель), Кокин А. Г. (исполнитель)
Jazyk:ruština
Vydáno: Томск, 1973
Témata:
Médium: Kniha
KOHA link:https://koha.lib.tpu.ru/cgi-bin/koha/opac-detail.pl?biblionumber=170941

MARC

LEADER 00000nbm0a2200000 4500
001 170941
005 20231031163848.0
029 0 0 |a SU  |b 73051761  |f ТПУ 
035 |a (RuTPU)RU\TPU\book\185382 
090 |a 170941 
100 |a 20091130d1973 k y0rusy50 ca 
101 0 |a rus 
102 |a RU 
105 |a a p 001zy 
200 1 |a Обследование Томской энергосистемы по созданию АСУ  |a Т. 1. Основные положения и методика проведения обследования по созданию АСУ энергосистемы  |e Отчет о НИР  |e Тема: № 3-56/73  |f Томский политехнический институт (ТПИ) ; руководитель А.А. Терещенко ; А. Г. Кокин 
210 |a Томск  |d 1973 
215 |a 66 л. 
320 |a Библиогр.: с. 44. 
610 1 |a отчеты о НИР 
610 1 |a Томск 
610 1 |a энергосистемы 
610 1 |a АСУ 
610 1 |a обследование 
610 1 |a организационные структуры 
610 1 |a функциональные структуры 
610 1 |a анализ 
610 1 |a характеристика 
610 1 |a техническое обеспечение 
675 |a 621.311-5(04)  |v 3 
702 1 |a Терещенко  |b А.А.  |4 673 
702 1 |a Кокин  |b А. Г.  |4 677 
712 0 2 |a Томский политехнический институт (ТПИ)  |c (1944-1991)  |2 stltpush  |3 (RuTPU)RU\TPU\col\1123  |4 595 
801 1 |a RU  |b 63413507  |c 20091130 
942 |c BK